| 000 | 00584nam a2200157 4500 | ||
|---|---|---|---|
| 999 |
_c57281 _d57281 |
||
| 003 | Ge_BSU | ||
| 005 | 20200206171333.0 | ||
| 008 | 200206s ge ||||| |||| 00| 0 geo d | ||
| 041 | _ageo | ||
| 080 | _a 912 (100) მ-90 | ||
| 245 |
_aმსოფლიოს ფიზიკური რუკა / _cრედ. ნ. ფეიქრიშვილი. |
||
| 264 |
_aთბილისი, _c2004. |
||
| 653 | _aმსოფლიოს ფიზიკური რუკა | ||
| 700 |
_aფეიქრიშვილი, ნ. _eრედაქტორი _96850 |
||
| 942 |
_2udc _cMP |
||